Housing legislation in India: policies and performance (Record no. 396316)
[ view plain ]
| 000 -LEADER | |
|---|---|
| fixed length control field | 00496cam a22001577a 4500 |
| 008 - FIXED-LENGTH DATA ELEMENTS--GENERAL INFORMATION | |
| fixed length control field | 180718b2000 xxu||||| |||| 00| 0 eng d |
| 020 ## - INTERNATIONAL STANDARD BOOK NUMBER | |
| International Standard Book Number | 8173913595 |
| 082 ## - DEWEY DECIMAL CLASSIFICATION NUMBER | |
| Classification number | XA03x54 M691 |
| 245 ## - TITLE STATEMENT | |
| Title | Housing legislation in India: policies and performance |
| Statement of responsibility, etc. | edited by Girish K. Misra and P.S.N. Rao |
| 260 ## - PUBLICATION, DISTRIBUTION, ETC. | |
| Place of publication, distribution, etc. | New Delhi |
| Name of publisher, distributor, etc. | Kanishka |
| Date of publication, distribution, etc. | 2000 |
| 300 ## - PHYSICAL DESCRIPTION | |
| Extent | 180p. |
| 650 ## - SUBJECT ADDED ENTRY--TOPICAL TERM | |
| Topical term or geographic name entry element | Housing policy - India |
| 650 ## - SUBJECT ADDED ENTRY--TOPICAL TERM | |
| Topical term or geographic name entry element | Housing - Law and legislation - India |
| 700 ## - ADDED ENTRY--PERSONAL NAME | |
| Personal name | Rao, P.S.N. |
| 700 ## - ADDED ENTRY--PERSONAL NAME | |
| Personal name | Misra, Girish K. |
| Withdrawn status | Lost status | Damaged status | Not for loan | Permanent Location | Current Location | Date acquired | Full call number | Barcode | Date last seen | Price effective from | Koha item type |
|---|---|---|---|---|---|---|---|---|---|---|---|
| Indian Institute of Public Administration | Indian Institute of Public Administration | 2001-03-13 | XA03x54 M691 | DA6150 | 2018-07-21 | 2018-07-21 | DA | ||||
| Indian Institute of Public Administration | Indian Institute of Public Administration | 2010-02-24 | XA03x54 M691 | DA6147 | 2018-07-21 | 2018-07-21 | DA | ||||
| Indian Institute of Public Administration | Indian Institute of Public Administration | 2005-08-01 | XA03x54 M691 | 80307 | 2018-07-21 | 2018-07-21 | Book | ||||
| Indian Institute of Public Administration | Indian Institute of Public Administration | 2005-08-01 | XA03x54 M691 | 80306 | 2018-07-21 | 2018-07-21 | Book | ||||
| Indian Institute of Public Administration | Indian Institute of Public Administration | 2005-08-01 | XA03x54 M691 | 80305 | 2018-07-21 | 2018-07-21 | Book | ||||
| Indian Institute of Public Administration | Indian Institute of Public Administration | 2005-08-01 | XA03x54 M691 | 80304 | 2018-07-21 | 2018-07-21 | Book |
